Score 0/15 Timer 03:00
0 Plays Today
Letter City % Correct
DDublin, Dundalk, Drogheda, Dungarvan, Droichead Nua
98.9%
CCork, Carlow, Clonmel, Castlebar, Carrick-on-Suir
95.9%
LLimerick, Letterkenny, Leixlip, Longford, Loughrea
81.9%
GGalway, Gorey
73.8%
WWaterford, Wexford, Wicklow, Westport
64.3%
KKillarney, Kilkenny, Kilrush, Kells, Kinsale
63.2%
SSligo, Shannon, Skibbereen
52.2%
TTralee, Tullamore, Tramore, Thurles, Tipperary
42.4%
Letter City % Correct
BBray, Ballina, Ballinasloe, Birr, Buncrana
36.8%
EEnnis, Edenderry, Enniscorthy
35.9%
NNavan, Naas, Nenagh, Newcastle West, New Ross
32.7%
AAthlone, Arklow, Athy, Ardee
32.2%
MMullingar, Mallow, Monaghan, Macroom, Midleton
28.4%
PPassage West, Portlaoise
22.4%
YYoughal
18.1%
Come Together.
Have Fun.
All Virtual.
We all need to come together. Play Sporcle's virtual live trivia to have fun, connect with people, and get your trivia on. Join a live hosted trivia game for your favorite pub trivia experience done virtually. If a virtual private party is more your thing, go here for details.

You're not logged in!

Compare scores with friends on all Sporcle quizzes.
OR
Log In

Sporcle TV

Today on Sporcle TV


Watch our educational content, quiz creation guides, and fun videos on Sporcle TV.

Show Comments

Extras

Top Quizzes Today


Score Distribution

Paid Content

Your Account Isn't Verified!

In order to create a playlist on Sporcle, you need to verify the email address you used during registration. Go to your Sporcle Settings to finish the process.

Report this User

Report this user for behavior that violates our Community Guidelines.

Details: